Supervisory management for the continuing education of the professional manager

Salvato in:
Dettagli Bibliografici
Natura: Periodico
Lingua:inglese
Pubblicazione: New York American Management Association
Tags: Aggiungi Tag
Nessun Tag, puoi essere il primo ad aggiungerne!!

MARC

LEADER 00000nas1a22000001 4500
001 0021166
005 20250730114822.4
041 0 |a eng 
044 |a US 
245 1 0 |a Supervisory management  |b for the continuing education of the professional manager 
264 1 |a New York  |b American Management Association